Устойчивые отображения и их особенности: пер. с англ.

গ্রন্থ-পঞ্জীর বিবরন
প্রধান লেখক: Голубицкий М.
অন্যান্য লেখক: Гийемин В. (переводчик), Кушниренко А. Г. (редактор), Арнольд В. И.
ভাষা:রুশ
প্রকাশিত: Москва, Мир, 1977
বিষয়গুলি:
বিন্যাস: MixedMaterials গ্রন্থ
KOHA link:https://koha.lib.tpu.ru/cgi-bin/koha/opac-detail.pl?biblionumber=356781

MARC

LEADER 00000nam0a2200000 4500
001 356781
005 20231102010927.0
035 |a (RuTPU)RU\TPU\retro\14041 
090 |a 356781 
100 |a 20200723d1977 km y0rusy50 ca 
101 1 |a rus  |c eng 
102 |a RU 
105 |a y z 001zy 
200 1 |a Устойчивые отображения и их особенности  |e пер. с англ.  |f М. Голубицкий, В. Гийемин  |g пер. А. Г. Кушниренко ; под ред. В. И. Арнольда 
210 |a Москва  |c Мир  |d 1977 
215 |a 210 с. 
320 |a Библиогр.: с. 281-283 
320 |a Указатель терминов: с. 286-288 
606 1 |a Отображения дифференцируемые  |x (дифференциальная геометрия)  |2 stltpush  |3 (RuTPU)RU\TPU\subj\47743  |9 66654 
606 1 |a Отображения дифференцируемые  |x (теория функций)  |2 stltpush  |3 (RuTPU)RU\TPU\subj\65965  |9 82271 
610 1 |a устойчивость 
610 1 |a особенности 
610 1 |a многообразия 
610 1 |a многообразные отображения 
610 1 |a теория 
610 1 |a трансверсальность 
610 1 |a теорема Мальгранжа 
610 1 |a классификация 
675 |a 514.75  |v 4 
675 |a 517.542  |v 4 
700 1 |a Голубицкий  |b М. 
701 1 |a Гийемин  |b В. 
702 1 |a Кушниренко  |b А. Г.  |4 730 
702 1 |a Арнольд  |b В. И.  |4 340 
801 1 |a RU  |b 63413507  |c 20200723 
801 2 |a RU  |b 63413507  |c 20210128  |g RCR 
942 |c BK